Normal view
MARC view
Entry Personal Name
001 - CONTROL NUMBER
- control field: 60379
003 - CONTROL NUMBER IDENTIFIER
- control field: dpl
005 - DATE AND TIME OF LATEST TRANSACTION
- control field: 20231229110041.0
008 - FIXED-LENGTH DATA ELEMENTS
- fixed length control field: 231229|| aca||aabn | a|a d
040 ## - CATALOGING SOURCE
- Original cataloging agency: dpl
- Transcribing agency: dpl
100 ## - HEADING--PERSONAL NAME
- Personal name: Balasubramanian, P
670 ## - SOURCE DATA FOUND
- Source citation: Work cat.: (dpl)199881: Wesly, J. Jerome 60378, Information Literacy Applications in LIS/, 2023
